000 nam a22 a 4500
999 _c189174
_d189174
003 BLK
005 20221026084349.0
008 180411b bul|||||r ||||||| ||bul||
010 _aKNG00198198000
040 _aBLK
041 _aBUL
_cBUL
080 _aБългарска литература
_b821.163.2
_x-1
_z821.163.2-1
100 1 _aЯкимов, Асен
_eпърви автор
_9308480
139 _aЯкимов, Асен
_bЯ 32
245 1 0 _aСтъпки от юг
_bСтихове
_cАсен Якимов; с предг. от Първан Стефанов.
257 _aBGR
260 _aПловдив
_bХристо Г. Данов
_c1976
300 _a79 с.
_c20 см
380 _aX
700 1 _aСтефанов, Първан
_eс предг. от
_gРангелов, Първан Стефанов
_9363605
852 _aЦб 83958
856 4 _qpdf
_i0.00
_ldisable
856 4 _qpdf
_i0.00
_ldisable
942 _cKNG
_n0
_s1
944 _aCR
_c01.03.2018
_kКети_Илиева
944 _aED
_c01.03.2018
_kКети_Илиева
999 _d189174